Experimentálne meranie tvorby povrchového odtoku

Na minha lista:
Detalhes bibliográficos
Autor principal: Tomaščík, Matúš (Author)
Outros Autores: Danáčová, Michaela (Thesis advisor)
Formato: Manuscrito Livro
Idioma:eslovaco
Publicado em: 2019
Assuntos:
Acesso em linha:http://is.stuba.sk/zp/portal_zp.pl?podrobnosti=137267
https://opac.crzp.sk/?fn=detailBiblioForm&sid=F8FE310152E9D1F1EE124F41F7FB
Tags: Adicionar Tag
Sem tags, seja o primeiro a adicionar uma tag!

MARC

LEADER 00000ntm a22000003a 4500
001 stuzp73813
003 SK-STU
005 20230609140403.1
007 ta
008 150427s2015----xo-----f-mn---000-0-slo-d
040 |a STU  |b slo 
041 0 |a slo 
100 1 |a Tomaščík, Matúš  |u 010160  |4 aut  |U SvF Stavebná fakulta  |T SvF Katedra vodného hospodárstva krajiny  |X 87770  |U V160  |Y 16  |7 87770 
242 0 1 |a The experimental measurement of the surface runoff  |y eng 
245 1 0 |a Experimentálne meranie tvorby povrchového odtoku 
260 |c 2019 
650 4 |a povrchový odtok  |2 slo 
650 4 |a vodná erózia  |2 slo 
650 4 |a dažďový simulátor  |2 slo 
650 4 |a surface runoff  |2 eng 
650 4 |a water erosion  |2 eng 
650 4 |a rain simulator  |2 eng 
700 1 |a Danáčová, Michaela  |u 010160  |k Z2  |4 ths  |U SvF Stavebná fakulta  |T SvF Katedra vodného hospodárstva krajiny  |X 10113  |U V160  |Y 16  |7 A000010113 
856 4 |u http://is.stuba.sk/zp/portal_zp.pl?podrobnosti=137267 
856 4 |u https://opac.crzp.sk/?fn=detailBiblioForm&sid=F8FE310152E9D1F1EE124F41F7FB